| 000 | 00417nam a2200181 4500 | ||
|---|---|---|---|
| 003 | CO-ViMGA | ||
| 020 | _a8426346219 | ||
| 040 |
_aCO-ViMGA _bspa _cCO-ViMGA |
||
| 090 |
_aA _bSLEn |
||
| 100 | 1 |
_aSlegers,liesbet _91273 |
|
| 245 | 1 | 0 | _aNacho en casa de su prima |
| 250 | _acuarta edicion | ||
| 260 |
_bEdelvives _c2002 |
||
| 300 | _a24 p. | ||
| 500 | _alibro albun | ||
| 650 | 1 | 4 |
_alibro album _9224 |
| 942 |
_2ddc _cBK |
||
| 999 |
_c33521 _d33521 |
||